Viharas in ancient India : (Record no. 124746)

MARC details
000 -LEADER
fixed length control field 00716nam a22002297a 4500
005 - DATE AND TIME OF LATEST TRANSACTION
control field 20170124105943.0
010 ## - LIBRARY OF CONGRESS CONTROL NUMBER
LC control number 566308
020 ## - INTERNATIONAL STANDARD BOOK NUMBER
Terms of availability 25.00
035 ## - SYSTEM CONTROL NUMBER
System control number 566308
037 ## - SOURCE OF ACQUISITION
Source of stock number/acquisition Cen Lib/Ret
040 ## - CATALOGING SOURCE
Original cataloging agency DPL
Language of cataloging EN
082 ## - DEWEY DECIMAL CLASSIFICATION NUMBER
Classification number 250.91
Item number BAR
100 ## - MAIN ENTRY--PERSONAL NAME
Personal name Barua,Dipak Kumar
9 (RLIN) 11809
245 ## - TITLE STATEMENT
Title Viharas in ancient India :
Statement of responsibility, etc by Dipak Kumar Barua
Remainder of title a survey of buddhist monasteries /
260 ## - PUBLICATION, DISTRIBUTION, ETC. (IMPRINT)
Place of publication, distribution, etc Calcutta
Name of publisher, distributor, etc Indian publications
Date of publication, distribution, etc 1969
270 ## - ADDRESS
Address 3, British Indian street
City Calcutta
300 ## - PHYSICAL DESCRIPTION
Extent 248p.
Dimensions 20cm(Hb)
500 ## - GENERAL NOTE
General note includes bibliographical reference and index
650 ## - SUBJECT ADDED ENTRY--TOPICAL TERM
Topical term or geographic name as entry element Buddhism
9 (RLIN) 1068
650 ## - SUBJECT ADDED ENTRY--TOPICAL TERM
Topical term or geographic name as entry element Buddhist monasteries
Geographic subdivision India
9 (RLIN) 11810
942 ## - ADDED ENTRY ELEMENTS (KOHA)
Source of classification or shelving scheme Dewey Decimal Classification
Koha item type English Books
Classification part 250.91
Call number suffix BAR
Holdings
Withdrawn status Lost status Damaged status Not for loan Home library Current library Date acquired Source of acquisition Cost, normal purchase price Total Checkouts Full call number Barcode Date last seen Copy number Price effective from Koha item type
        Central Library Central Library 18/06/2015 Cen Lib/Ret 25.00   250.91 BAR 566308 18/06/2015 250.00 18/06/2015 English Books

© Delhi Public Library
Hit Counter
free hit counter